[Event "AUTO-INT-2988"]
[Site "http://www.queenalice.com/game.php?id=1355050"]
[Date "2015.4.22"]
[Round "1"]
[White "mariuszgosi"]
[Black "Didiodpc"]
[Result "1-0"]
[WhiteElo "1547"]
[BlackElo "1563"]

1. e4 e5 2. Nf3 f6 3. Nxe5 Qe7 4. Nf3 Nh6 5. Nc3 Qc5 6. d4 Qh5 7. Nd5 Bd6 8. e5
fxe5 9. Bc4 b6 10. Bxh6 Qxh6 11. dxe5 c6 12. exd6 cxd5 13. Bxd5 Nc6 14. O-O Qxd6
15. Bf7+ Ke7 16. Re1+ 1-0

[Event "AUTO-INT-2988"]
[Site "http://www.queenalice.com/game.php?id=1355051"]
[Date "2015.4.22"]
[Round "1"]
[White "Didiodpc"]
[Black "mariuszgosi"]
[Result "0-1"]
[WhiteElo "1597"]
[BlackElo "1587"]

1. e4 e6 2. d4 d5 3. Bd3 dxe4 4. Bxe4 c5 5. c3 Nf6 6. Bf3 cxd4 7. Ne2 d3 8. Nd4
e5 9. Nb5 e4 10. O-O exf3 11. Qxf3 a6 12. Nd4 Be7 13. Re1 O-O 14. b4 Bxb4 15.
Qxd3 Bd6 16. Nf3 Bxh2+ 17. Nxh2 Qxd3 18. Re3 Qd1+ 19. Nf1 Qxc1 0-1

[Event "AUTO-OPEN-3484"]
[Site "http://www.queenalice.com/game.php?id=1360323"]
[Date "2015.5.19"]
[Round "1"]
[White "TorresR"]
[Black "mariuszgosi"]
[Result "0-1"]
[WhiteElo "1792"]
[BlackElo "1520"]

1. f4 g6 2. e4 d6 3. d4 Bg7 4. c4 c5 5. d5 Qa5+ 6. Bd2 Qb6 7. Nf3 Qxb2 8. e5
Qxa1 9. exd6 Bf5 10. Qa4+ Nd7 11. dxe7 Qxb1+ 12. Kf2 Nf6 13. d6 Ne4+ 14. Ke2
Nxd6 15. g3 Bd3+ 16. Kf2 Qc2 17. Bg2 Qxa4 0-1

[Event "AUTO-OPEN-3484"]
[Site "http://www.queenalice.com/game.php?id=1360324"]
[Date "2015.5.19"]
[Round "1"]
[White "mariuszgosi"]
[Black "TorresR"]
[Result "0-1"]
[WhiteElo "1487"]
[BlackElo "1834"]

1. e4 g5 2. Bc4 c6 3. Qh5 d5 4. exd5 cxd5 5. Bb5+ Bd7 6. Bxd7+ Nxd7 7. Qxg5 Ngf6
8. d3 Rg8 9. Qh4 Rxg2 10. Ne2 Ne5 11. Ng3 Nf3+ 0-1

[Event "AUTO-OPEN-3484"]
[Site "http://www.queenalice.com/game.php?id=1360353"]
[Date "2015.5.19"]
[Round "1"]
[White "mariuszgosi"]
[Black "Bruscato"]
[Result "1-0"]
[WhiteElo "1603"]
[BlackElo "2023"]

1. g3 d5 2. Bg2 c6 3. e3 e5 4. Ne2 Ne7 5. b3 Be6 6. Bb2 Nd7 7. O-O f5 8. d4 e4
9. Nd2 g6 10. c4 Bg7 11. Nf4 Bf7 12. Ba3 O-O 13. Bxe7 Qxe7 14. h4 Rae8 15. cxd5
cxd5 16. Rc1 Rc8 17. Qe2 a6 18. Nb1 Bh6 19. Nh3 Nf6 20. Nc3 b5 21. Rc2 Ng4 22.
Rfc1 1-0

[Event "AUTO-OPEN-3484"]
[Site "http://www.queenalice.com/game.php?id=1360354"]
[Date "2015.5.19"]
[Round "1"]
[White "Bruscato"]
[Black "mariuszgosi"]
[Result "1-0"]
[WhiteElo "1957"]
[BlackElo "1711"]

1. e4 g6 2. d4 d6 3. Nc3 Bg7 4. f4 a6 5. Nf3 b5 6. Bd3 Bb7 7. O-O Nd7 8. Be3
Ngf6 9. a3 c5 10. dxc5 dxc5 11. e5 Nd5 12. Nxd5 Bxd5 13. Qe1 e6 14. Rd1 O-O 15.
c3 Qc7 16. Ng5 Qb7 17. Qg3 h6 18. Nf3 c4 19. Bc2 Rfd8 20. Nh4 Nf8 21. Nf3 Be4
22. Bxe4 Qxe4 23. Bc1 Rd3 24. Rxd3 Qxd3 25. Nd4 Qxg3 26. hxg3 Nd7 27. Rd1 Nc5
28. Nc6 Nd3 29. Kf1 Bf8 30. Ke2 Rc8 31. Nd4 Bc5 32. b4 Bxd4 33. cxd4 Nxc1+ 34.
Rxc1 Ra8 35. Ke3 a5 36. Ke4 axb4 37. axb4 Ra2 38. Rg1 1-0

[Event "Let's Play Chess!"]
[Site "http://www.queenalice.com/game.php?id=1362487"]
[Date "2015.5.31"]
[Round "-"]
[White "carlosufpe"]
[Black "mariuszgosi"]
[Result "0-1"]
[WhiteElo "1728"]
[BlackElo "1564"]

1. d4 Nf6 2. e3 g6 3. Nf3 d6 4. Be2 Bg7 5. O-O O-O 6. c4 Nc6 7. a3 e5 8. dxe5
Nxe5 9. Nxe5 dxe5 10. Qc2 c6 11. a4 Bf5 12. Qb3 Qc7 13. Nd2 Rad8 14. Nf3 Rd7 15.
Bd2 Rfd8 16. Bc3 Ne4 17. Rfd1 Nxc3 18. Rxd7 Nxe2+ 19. Kf1 Qxd7 20. Kxe2 Bg4 21.
Rd1 Qxd1+ 22. Qxd1 Rxd1 23. Kxd1 e4 0-1

[Event "Challenge"]
[Site "http://www.queenalice.com/game.php?id=1362686"]
[Date "2015.5.31"]
[Round "-"]
[White "mariuszgosi"]
[Black "naugard47"]
[Result "1-0"]
[WhiteElo "1627"]
[BlackElo "1635"]

1. e4 e5 2. Nf3 Nc6 3. d4 d6 4. dxe5 dxe5 5. Qxd8+ Nxd8 6. Nxe5 a6 7. Bc4 Nf6 8.
Bg5 h6 9. Bxf6 gxf6 10. Nf3 Nc6 11. c3 Bd6 12. Nbd2 Be6 13. O-O-O O-O-O 14. Nd4
Bxc4 15. Nxc4 Bf4+ 16. Kc2 Nxd4+ 17. Rxd4 Rxd4 18. cxd4 Rd8 19. Rd1 b6 20. g3
Bd6 21. f4 Re8 22. e5 fxe5 23. Nxe5 f6 24. Ng4 Rh8 25. Nxf6 h5 26. Re1 Kd8 27.
Ne4 Re8 28. a3 Bf8 29. Kd2 Bh6 30. Ng5 Rxe1 31. Kxe1 Ke7 32. Ke2 c6 33. b4 b5
34. Kd3 Kf6 35. Nf3 Kf5 36. h3 Bxf4 37. gxf4 Kxf4 38. Ne5 Kg3 39. Nxc6 h4 40.
Ne5 Kxh3 41. Nf3 Kg4 42. Ke4 h3 43. d5 Kg3 44. d6 1-0

[Event "AUTO-OPEN-3394"]
[Site "http://www.queenalice.com/game.php?id=1367063"]
[Date "2015.6.23"]
[Round "2"]
[White "Aspayne"]
[Black "mariuszgosi"]
[Result "1/2-1/2"]
[WhiteElo "1983"]
[BlackElo "1735"]

1. e4 e6 2. c4 c5 3. Nc3 a6 4. Nf3 d6 5. Be2 g6 6. O-O Bg7 7. d4 cxd4 8. Nxd4
Ne7 9. Be3 Nbc6 10. f4 O-O 11. Rf3 e5 12. Nxc6 Nxc6 13. f5 Nd4 14. Bxd4 exd4 15.
Nd5 Be5 16. f6 Be6 17. Qf1 Bxd5 18. exd5 Qb6 19. Bd3 Qxb2 20. Rc1 Qxa2 1/2-1/2

[Event "AUTO-OPEN-3394"]
[Site "http://www.queenalice.com/game.php?id=1367064"]
[Date "2015.6.23"]
[Round "2"]
[White "mariuszgosi"]
[Black "Aspayne"]
[Result "1-0"]
[WhiteElo "1689"]
[BlackElo "2008"]

1. e4 c6 2. f4 d5 3. e5 Bf5 4. Nf3 h6 5. Be2 e6 6. c3 Ne7 7. d4 Qb6 8. Qb3 Qxb3
9. axb3 Bxb1 10. Rxb1 a5 11. O-O Nc8 12. Be3 b5 13. Bd3 Be7 14. f5 exf5 15. Bxf5
O-O 16. e6 f6 17. Nh4 Nd6 18. Bc2 Ne4 19. Bxe4 dxe4 20. c4 a4 21. Nf5 Bb4 22. d5
axb3 23. d6 bxc4 24. Rfd1 g6 25. Nxh6+ Kg7 26. e7 1-0

[Event "AUTO-OPEN-3394"]
[Site "http://www.queenalice.com/game.php?id=1367069"]
[Date "2015.6.23"]
[Round "2"]
[White "Diemerlin"]
[Black "mariuszgosi"]
[Result "1-0"]
[WhiteElo "2241"]
[BlackElo "1705"]

1. d4 Nf6 2. Bf4 d6 3. Nc3 g6 4. Nf3 Bg7 5. Qd2 h6 6. e4 Nc6 7. O-O-O g5 8. Bg3
Bg4 9. d5 Nb8 10. h4 gxh4 11. Bxh4 Nbd7 12. Be2 Nc5 13. e5 dxe5 14. Nxe5 1-0

[Event "AUTO-OPEN-3394"]
[Site "http://www.queenalice.com/game.php?id=1367070"]
[Date "2015.6.23"]
[Round "2"]
[White "mariuszgosi"]
[Black "Diemerlin"]
[Result "0-1"]
[WhiteElo "1703"]
[BlackElo "2321"]

1. e4 d6 2. f4 Nf6 3. d3 e5 4. Nf3 c6 5. fxe5 dxe5 6. Nxe5 Qa5+ 7. Bd2 Qxe5 8.
Bc3 Qc7 9. Bxf6 gxf6 10. Nd2 Be6 11. Be2 Rg8 12. Bf3 Qb6 13. Nb3 Nd7 14. Qe2 Ne5
15. O-O-O O-O-O 16. Kb1 a5 0-1

[Event "AUTO-ADV-3452"]
[Site "http://www.queenalice.com/game.php?id=1370879"]
[Date "2015.7.11"]
[Round "1"]
[White "mariuszgosi"]
[Black "Canaye"]
[Result "1-0"]
[WhiteElo "1661"]
[BlackElo "1949"]

1. e4 e6 2. d4 d5 3. Nc3 dxe4 4. Nxe4 Nd7 5. Bd3 Ngf6 6. c3 Nxe4 7. Bxe4 Nf6 8.
Bg5 Be7 9. Bxf6 Bxf6 10. Qf3 O-O 11. Ne2 c6 12. h4 Qb6 13. O-O-O a5 14. g4 a4
15. Bb1 a3 16. b3 c5 17. g5 Be7 18. Qe4 g6 19. f4 cxd4 20. Nxd4 Ra4 21. h5 Ra5
22. hxg6 fxg6 23. Rxh7 Raf5 24. Rxe7 Qc5 25. Nxf5 exf5 26. Qe5 Qxe5 27. Rxe5 b6
28. Red5 Bb7 29. Rd8 Ba6 30. Rxf8+ Kxf8 31. Rd6 Kf7 32. Rxb6 1-0

[Event "AUTO-ADV-3452"]
[Site "http://www.queenalice.com/game.php?id=1370880"]
[Date "2015.7.11"]
[Round "1"]
[White "Canaye"]
[Black "mariuszgosi"]
[Result "1-0"]
[WhiteElo "1893"]
[BlackElo "1720"]

1. d4 Nf6 2. c4 g6 3. Nc3 d6 4. e4 Bg7 5. f3 O-O 6. Bd3 Nc6 7. Nge2 e5 8. d5 Ne7
9. O-O Ne8 10. f4 f5 11. exf5 Nxf5 12. fxe5 Bxe5 13. Ne4 Neg7 14. Bg5 Qe8 15.
Qc1 Bd7 16. b4 h6 17. Bf4 Bxa1 18. Qxa1 g5 19. Bd2 Qe7 20. g4 Nh4 21. Nd4 Rxf1+
22. Qxf1 Rf8 23. Qd1 Qf7 24. Be3 Nf3+ 25. Nxf3 Qxf3 26. Qc1 Qxg4+ 27. Ng3 Bf5
28. Be2 Qh4 29. c5 Qxb4 30. cxd6 cxd6 31. Nxf5 Nxf5 32. Bxa7 Nd4 33. Bh5 b6 34.
a3 Qc5 35. Qxc5 bxc5 36. Bb6 1-0

[Event "AUTO-ADV-3452"]
[Site "http://www.queenalice.com/game.php?id=1370881"]
[Date "2015.7.11"]
[Round "1"]
[White "mariuszgosi"]
[Black "Cesar"]
[Result "0-1"]
[WhiteElo "1746"]
[BlackElo "1860"]

1. e4 c5 2. Nf3 b6 3. Bc4 f6 4. O-O Nc6 5. c3 e5 6. d4 cxd4 7. cxd4 d6 8. dxe5
fxe5 9. Qd5 Qd7 10. Ng5 Nh6 11. Bb5 Bb7 12. Ne6 Ng4 0-1

[Event "AUTO-ADV-3452"]
[Site "http://www.queenalice.com/game.php?id=1370882"]
[Date "2015.7.11"]
[Round "1"]
[White "Cesar"]
[Black "mariuszgosi"]
[Result "1-0"]
[WhiteElo "1518"]
[BlackElo "1701"]

1. e4 e6 2. Nf3 d5 3. e5 c5 4. c3 Nc6 5. d4 Bd7 6. Be3 Qb6 7. b3 cxd4 8. cxd4
Rc8 9. Nbd2 Nb4 10. Rc1 Rxc1 11. Qxc1 Nxa2 12. Qc2 Nb4 13. Qb1 Bb5 14. Bxb5+
Qxb5 15. h3 Nd3+ 16. Kd1 Nh6 17. Qc2 Be7 18. Qc8+ Bd8 19. Bg5 O-O 20. Be3 Nf5
21. Rf1 Bg5 22. Qc2 Bxe3 23. g4 Nxf2+ 24. Rxf2 Nxd4 25. Nxd4 Bxd4 26. Re2 Qc6
27. Qd3 Rc8 28. Re1 1-0

[Event "AUTO-ADV-3452"]
[Site "http://www.queenalice.com/game.php?id=1370883"]
[Date "2015.7.11"]
[Round "1"]
[White "mariuszgosi"]
[Black "kakocarvalho"]
[Result "0-1"]
[WhiteElo "1776"]
[BlackElo "1788"]

1. Nf3 Nf6 2. d4 g6 3. c4 Bg7 4. Nc3 O-O 5. e4 d6 6. Be2 Nbd7 7. O-O c5 8. Be3
cxd4 9. Nxd4 a6 10. h3 Rb8 11. Qd2 Nc5 12. f3 Nh5 13. Bf2 Nf6 14. Rad1 Qc7 15.
Nd5 Nxd5 16. cxd5 h5 17. Rc1 Qd8 0-1

[Event "AUTO-ADV-3452"]
[Site "http://www.queenalice.com/game.php?id=1370884"]
[Date "2015.7.11"]
[Round "1"]
[White "kakocarvalho"]
[Black "mariuszgosi"]
[Result "1-0"]
[WhiteElo "1804"]
[BlackElo "1760"]

1. Nf3 d6 2. g3 e5 3. Bg2 f5 4. d3 Nf6 5. O-O Be7 6. Nbd2 O-O 7. c4 c6 8. a4 a5
9. Qb3 Qc7 10. Ng5 Na6 11. e3 Nc5 12. Qc2 h6 13. Ngf3 Nxd3 14. Qxd3 e4 15. Qb3
exf3 16. Nxf3 Ne4 17. c5+ d5 18. Qc2 Nxc5 19. Nd4 Ne4 20. b3 Bf6 21. Rb1 g6 22.
Ne2 g5 23. Bb2 Qg7 24. Bxf6 1-0

[Event "AUTO-ADV-3467"]
[Site "http://www.queenalice.com/game.php?id=1375332"]
[Date "2015.8.4"]
[Round "1"]
[White "jlpbarreto"]
[Black "mariuszgosi"]
[Result "1-0"]
[WhiteElo "1883"]
[BlackElo "1669"]

1. e4 g6 2. d4 d6 3. Nf3 Bg7 4. Bc4 Nf6 5. Nbd2 O-O 6. h3 Nc6 7. c3 e5 8. O-O
Nxe4 9. dxe5 Nxd2 10. Bxd2 Nxe5 11. Bb3 Qf6 12. Re1 Nxf3+ 13. Qxf3 Qxf3 14. gxf3
Bxh3 15. Re7 Rac8 16. Rae1 Bf6 17. R7e2 Bd7 18. Bh6 Rfe8 19. Bd5 c6 20. Bb3 Rxe2
21. Rxe2 Re8 22. Kf1 Rxe2 23. Kxe2 Be6 24. Ke3 1-0

[Event "AUTO-ADV-3467"]
[Site "http://www.queenalice.com/game.php?id=1375333"]
[Date "2015.8.4"]
[Round "1"]
[White "mariuszgosi"]
[Black "jlpbarreto"]
[Result "0-1"]
[WhiteElo "1678"]
[BlackElo "1847"]

1. e4 e5 2. Nf3 Nc6 3. d4 exd4 4. Bc4 Bc5 5. O-O Nge7 6. Ng5 O-O 7. Qh5 h6 8.
Nxf7 Rxf7 9. Bxf7+ Kf8 10. Bc4 d5 11. Bxd5 Nxd5 12. Qxd5 Qxd5 13. exd5 Ne7 14.
c4 Bf5 15. Nd2 Bg4 16. Ne4 Bd6 17. f3 Bh5 0-1

[Event "AUTO-ADV-3467"]
[Site "http://www.queenalice.com/game.php?id=1375352"]
[Date "2015.8.4"]
[Round "1"]
[White "mariuszgosi"]
[Black "biskydad"]
[Result "1-0"]
[WhiteElo "1757"]
[BlackElo "1834"]

1. e4 c5 2. Nf3 d6 3. d4 cxd4 4. Nxd4 Nf6 5. Nc3 g6 6. Be3 e5 7. Nb3 Bg7 8. f3
O-O 9. Qd2 Nfd7 10. Qxd6 Nc6 11. O-O-O Re8 12. Bb5 Re6 13. Qd2 a6 14. Bxc6 Rxc6
15. Nc5 Rc7 16. N3a4 Qe7 17. Qa5 Nxc5 18. Bxc5 Qe6 19. Qxc7 Qxa2 20. Rd8+ Bf8
21. Bxf8 Qxa4 22. Bh6+ 1-0

[Event "AUTO-ADV-3467"]
[Site "http://www.queenalice.com/game.php?id=1375353"]
[Date "2015.8.4"]
[Round "1"]
[White "biskydad"]
[Black "mariuszgosi"]
[Result "1-0"]
[WhiteElo "1768"]
[BlackElo "1735"]

1. d4 Nf6 2. c4 g6 3. Nc3 Bg7 4. e4 d6 5. h3 O-O 6. Be2 e5 7. Bg5 h6 8. Bxf6
Qxf6 9. Nd5 Qd8 10. Nf3 Nc6 11. dxe5 Nxe5 12. Nxe5 dxe5 13. b4 f5 14. O-O fxe4
15. f3 exf3 16. Bxf3 e4 17. Bxe4 1-0